书目信息 |
| 题名: |
中国材料工程大典
|
|
| 作者: | ;益小苏 , 杜善义 , 张立同 主编 ;中国机械工程学会 , 中国材料研究学会 , 中国材料工程大典编委会 编 | |
| 分册: | 第10卷 复合材料工程 | |
| 出版信息: | 北京 化学工业出版社 2006.03 |
|
| 页数: | 1044页 | |
| 开本: | 28cm | |
| 丛书名: | ||
| 单 册: | ||
| 中图分类: | TB3-62 | |
| 科图分类: | ||
| 主题词: | 材料科学 , 复合材料 | |
| 电子资源: | ||
| ISBN: | 7-5025-7312-7 | |
| 000 | 01541nam0 2200313 450 | |
| 001 | 0631721734 | |
| 005 | 20100818092335.48 | |
| 010 | @a7-5025-7312-7@dCNY160.00 | |
| 100 | @a20100515d2006 km y0chiy0120 ea | |
| 101 | 0 | @achi |
| 102 | @aCN@b110000 | |
| 105 | @aa a 000yy | |
| 200 | 1 | @a中国材料工程大典@Azhong guo cai liao gong cheng da dian@f中国机械工程学会, 中国材料研究学会, 中国材料工程大典编委会编@Fzhong guo ji xie gong cheng xue hui,zhong guo cai liao yan jiu xue hui,zhong guo cai liao gong cheng da dian bian wei hui bian@g益小苏, 杜善义, 张立同主编@Gyi xiao su,du shan yi,zhang li tong zhu bian@h第10卷@i复合材料工程 |
| 210 | @a北京@c化学工业出版社@d2006.03 | |
| 215 | @a1044页@c图@d28cm | |
| 320 | @a有书目 (第1039-1044) | |
| 330 | @a本卷主要内容包括复合材料用增强体材料、聚合基体材料、纺织复合材料、复合材料界面、工业聚合物基复合材料与玻璃钢、金属基复合材料、复合材料力学问题设计、复合材料结构设计与分析、复合材料性能试验、表征与质量控制、功能复合材料与新型复合材料等。 | |
| 517 | 1 | @a复合材料工程@Afu he cai liao gong cheng |
| 606 | 0 | @a材料科学 |
| 606 | 0 | @a复合材料 |
| 690 | @aTB3-62@v4 | |
| 702 | 0 | @a益小苏@Ayi xiao su@4主编 |
| 702 | 0 | @a杜善义@Adu shan yi@4主编 |
| 702 | 0 | @a张立同@Azhang li tong@4主编 |
| 711 | 02 | @a中国机械工程学会@Azhong guo ji xie gong cheng xue hui@4编 |
| 711 | 02 | @a中国材料研究学会@Azhong guo cai liao yan jiu xue hui@4编 |
| 711 | 02 | @a中国材料工程大典编委会@Azhong guo cai liao gong cheng da dian bian wei hui@4编 |
| 801 | 0 | @aCN@c20100515 |
| 905 | @dTB3-62@eZ563:10@f3 | |
| 中国材料工程大典/中国机械工程学会, 中国材料研究学会, 中国材料工程大典编委会编/益小苏, 杜善义, 张立同主编.第10卷.复合材料工程.-北京:化学工业出版社,2006.03 |
| 1044页:图;28cm |
| ISBN 7-5025-7312-7:CNY160.00 |
| 本卷主要内容包括复合材料用增强体材料、聚合基体材料、纺织复合材料、复合材料界面、工业聚合物基复合材料与玻璃钢、金属基复合材料、复合材料力学问题设计、复合材料结构设计与分析、复合材料性能试验、表征与质量控制、功能复合材料与新型复合材料等。 |
| ● |
| 相关链接 |
|
|
|
正题名:中国材料工程大典
索取号:TB3-62/Z563:10
 
预约/预借
| 序号 | 登录号 | 条形码 | 馆藏地/架位号 | 状态 | 备注 |
| 1 | 1031652 | 210316521 | 自科库501/501自科库 10排1列3层/ [索取号:TB3-62/Z563:10] | 在馆 | |
| 2 | 1031653 | 210316530 | 自科库501/501自科库 10排1列3层/ [索取号:TB3-62/Z563:10] | 在馆 | |
| 3 | 1031654 | 210316549 | 自科库501/501自科库 10排1列3层/ [索取号:TB3-62/Z563:10] | 在馆 |